[Event "Brasschaat op 12th"]
[Site "Brasschaat"]
[Date "2012.08.19"]
[Round "2"]
[White "Laporte, Pol"]
[Black "Peleman, Tony"]
[Result "1/2-1/2"]
[WhiteElo "1809"]
[BlackElo "2012"]
[PlyCount "92"]
[EventDate "2012.08.18"]
[EventType "swiss"]
[EventRounds "9"]
[EventCountry "BEL"]
[SourceTitle "EXT 2017"]
[Source "ChessBase"]
[SourceDate "2016.10.25"]
[SourceVersion "1"]
[SourceVersionDate "2016.10.25"]
[SourceQuality "1"]

1. f4 d5 2. Nf3 g6 3. g3 Bg7 4. Bg2 c6 5. c3 Nf6 6. 0-0 0-0 7. d3 Nbd7 8. Qc2 Re8 9. Ne5 Qb6+ 10. Kh1 Nxe5 11. fxe5 Ng4 12. d4 f5 13. Na3 Be6 14. h3 Nh6 15. Rb1 Rab8 16. Bd2 Nf7 17. Qc1 Qa6 18. Rf2 Rbc8 19. Bf1 b5 20. b4 Qb6 21. Be3 Ra8 22. Nc2 a5 23. a3 h6 24. Ra1 Ra7 25. Bg2 Kh7 26. Rf1 Rea8 27. Qb2 Qc7 28. h4 Bd7 29. g4 e6 30. gxf5 exf5 31. Bf4 Be6 32. Bh3 h5 33. Ne3 Qe7 34. Bg3 Nh6 35. Ng2 Ng4 36. Bxg4 hxg4 37. Nf4 Bh6 38. Kg2 Kg7 39. Rh1 Bf7 40. e3 Ra6 41. Kf2 Be8 42. Nd3 axb4 43. axb4 Qa7 44. Rxa6 Qxa6 45. Nc5 Qa2 46. Rb1 Kf7 1/2-1/2